Normal view
MARC view
- CALCULATION FOR MACHINE DESIGN. MACHINE DESIGN-CALCULATIONS.FOUNDATIONAL LOADING.THERMAL STRESS AND STRAIN.STATIC DESIGN.COLUMN BUCKLING.FATIGUE.DYNAMIC LOADING
Entry Topical Term
001 - CONTROL NUMBER
- control field: 65307
003 - CONTROL NUMBER IDENTIFIER
- control field: NUST
005 - DATE AND TIME OF LATEST TRANSACTION
- control field: 20210628203421.0
008 - FIXED-LENGTH DATA ELEMENTS
- fixed length control field: 210628|| aca||aabn | a|a d
040 ## - CATALOGING SOURCE
- Original cataloging agency: NUST
- Transcribing agency: NUST
150 ## - HEADING--TOPICAL TERM
- Topical term or geographic name entry element: CALCULATION FOR MACHINE DESIGN. MACHINE DESIGN-CALCULATIONS.FOUNDATIONAL LOADING.THERMAL STRESS AND STRAIN.STATIC DESIGN.COLUMN BUCKLING.FATIGUE.DYNAMIC LOADING
670 ## - SOURCE DATA FOUND
- Source citation: Work cat.: (NUST): Brown, Thomas .H 55858, Marks' calculation for machine design, 2005
